bandiere mondo difficile - Statistics

Statistiche generali
  • Questo quiz è stato fatto 229 volte
  • Il punteggio medio è 67 su 83
Statistiche sulle risposte
con Immagini Risposta % Corretto
etiopia
96%
pakistan
94%
algeria
93%
cuba
93%
iran
93%
camerun
92%
kazakistan
92%
tanzania
92%
georgia
91%
qatar
91%
angola
90%
somalia
90%
maldive
89%
armenia
88%
azerbaijan
88%
iraq
88%
barbados
87%
paraguay
87%
repubblica dominicana
87%
siria
87%
santa lucia
86%
turkmenistan
86%
uzbekistan
86%
yemen
86%
bahamas
85%
birmania
85%
liberia
85%
libia
85%
mozambico
85%
taiwan
84%
belize
83%
burundi
83%
capo verde
83%
figi
83%
zambia
83%
benin
82%
costa rica
82%
honduras
82%
malawi
82%
mauritania
82%
sierra leone
82%
sudan
82%
sud sudan
82%
eritrea
81%
tonga
81%
comoros
80%
oman
80%
bahrain
79%
brunei
79%
burkina faso
79%
haiti
79%
repubblica del congo
79%
repubblica centrafricana
78%
kuwait
77%
mauritius
77%
ruanda
77%
saint vincent e grenadine
77%
timor est
77%
dominica
76%
isole marshall
76%
kiribati
76%
mali
76%
saint kitts e nevis
76%
gabon
75%
gibuti
75%
guinea equatoriale
75%
isole salomone
75%
tagikistan
75%
grenada
74%
namibia
74%
trinidad e tobago
74%
tuvalu
74%
guyana
73%
suriname
73%
gambia
72%
guinea
72%
zimbabwe
72%
nauru
71%
sao tome e principe
71%
samoa
70%
togo
70%
vanuatu
69%
guinea-bissau
67%
Nessun quiz corrispondente trovato
Distribuzione punteggi
Percentuale di utenti per punteggio
Percentile per numero di risposta
I tuoi punteggi nel tempo
Non hai fatto questo quiz